|
|
|
|
| LEADER |
00000cam a2200000 4500 |
| 001 |
vtls012279396 |
| 003 |
SK-MaSNL |
| 005 |
20260301192900.0 |
| 008 |
250711s2023 xo oa g fd 001 0 slo |
| 015 |
|
|
|a SNBA2025/09
|
| 020 |
|
|
|a 9788081453281
|q (brožované)
|
| 040 |
|
|
|a SNK
|b slo
|c SNK
|e rda
|
| 041 |
0 |
|
|a slo
|a ita
|
| 044 |
|
|
|a xo
|c SK
|
| 072 |
|
7 |
|a 81
|x Lingvistika. Jazyky
|2 konspekt
|
| 080 |
|
|
|a 811.131.1
|2 2011
|
| 080 |
|
|
|a 81'24
|2 2011
|
| 080 |
|
|
|a (035)
|2 2011
|
| 080 |
|
|
|a 811.162.4
|2 2011
|
| 245 |
0 |
0 |
|a Taliančina
|b konverzácia
|c vytvoril autorský kolektív pracovníkov Lingea
|
| 246 |
1 |
|
|i Názov na rube titulného listu:
|a Lingea konverzácia slovensko-talianska
|
| 250 |
|
|
|a 3. vydanie
|
| 264 |
|
1 |
|a Bratislava
|b Lingea s.r.o.
|c 2023
|
| 300 |
|
|
|a 320 strán
|b fotografie, tabuľky
|c 14 cm
|
| 336 |
|
|
|a text
|b txt
|2 rdacontent
|
| 337 |
|
|
|a bez média
|b n
|2 rdamedia
|
| 338 |
|
|
|a zväzok
|b nc
|2 rdacarrier
|
| 500 |
|
|
|a Obálkový podnázov: so slovníkom a gramatikou
|
| 504 |
|
|
|a Obsahuje register ; taliansko-slovenský a slovensko-taliansky slovník
|
| 546 |
|
|
|a Čiastočný text v taliančine
|
| 650 |
0 |
7 |
|a taliančina
|2 SNKPH
|9 1518
|
| 650 |
0 |
7 |
|a konverzácia
|2 SNKPH
|9 49849
|
| 650 |
0 |
7 |
|a slovenčina
|2 SNKPH
|9 1350
|
| 650 |
0 |
7 |
|a Italian language
|2 SNKPHeng
|9 329901
|
| 650 |
0 |
7 |
|a Slovak language
|2 SNKPHeng
|9 266031
|
| 650 |
0 |
7 |
|a Conversation, terms and phrases
|2 SNKPHeng
|9 314419
|
| 655 |
|
7 |
|a príručky
|2 SNKPH
|9 74364
|
| 655 |
|
7 |
|a Handbooks, manuals, etc.
|2 SNKPH
|9 90964
|
| 710 |
2 |
|
|a Lingea (Bratislava, Slovensko)
|4 com
|9 216753
|
| 852 |
|
|
|a Slovenská národná knižnica
|
| 919 |
|
|
|a 978-80-8145-328-1
|
| 954 |
|
|
|a odborná, vedecká literatúra pôvodná (slovenská)
|2 lita
|
| 999 |
|
|
|c 875419
|d 877349
|
| 952 |
|
|
|a SNK
|b SNK
|y PREZ
|7 0
|p 17A1576139
|o snkSE 14413
|i snk2025/11141
|8 0
|0 0
|1 0
|4 0
|d 2025-07-11
|f 1
|l 0
|r 2026-02-24 05:56:24
|w 2026-02-24
|